000 00850nam a2200217Ia 4500
003 GCL
008 140319s9999 xx 000 0 ara d
020 _a0018615977
040 _aGCL /
_cGCL
082 0 4 _a808.3
_bع ف
100 1 _aعبداللطيف محمد السيدالحديدى
245 1 0 _aالفن القصصى فى ضوء النقد الادبى : النظرية والتطبيق /
_cعبداللطيف محمد السيدالحديدى
250 _aالاولى
260 _aالقاهرة :
_bدار المعرفة للطباعة والتجليد ،
_c1996
300 _a359 ص ؛
_c24 سم
490 _aالهيئة العامة للاستعلامات
_v0
650 0 4 _aالادب العربى
650 0 4 _aالادب العربى - تاريخ ونقد
650 0 4 _aالقصص - تاريخ ونقد
942 _2ddc
_cBK
999 _c49174
_d49174